000 00265nam a2200121Ia 4500
005 20251222144627.0
008 251222s9999||||xx |||||||||||||| ||spa||
082 _a616.65/V84
100 _aVölter, D.
245 0 _aLa Próstata:
264 _bTemis
942 _cLIB
999 _c16146
_d16146